| 000 | 00726nam a2200241Ia 4500 | ||
|---|---|---|---|
| 003 | OSt | ||
| 005 | 20221005111811.0 | ||
| 006 | a|||||r|||| 00| 0 | ||
| 007 | ta | ||
| 008 | 221004b |||||||| |||| 00| 0 hin d | ||
| 024 | _a21343 | ||
| 037 |
_bGift, 13/07/2015, _cTextual |
||
| 040 |
_aCRL _cCRL _bhin |
||
| 041 |
_2hin _ahin |
||
| 082 | _aO152,6x, P3 | ||
| 245 | 0 | _aअक्षर पर्व | |
| 246 | _aAkṣhar parva | ||
| 260 |
_aरायपुर _bदेशबन्धु प्रकाशन भारत _c2003 |
||
| 300 |
_a47पृ0 _ccm. |
||
| 650 | _aहिन्दी साहित्य | ||
| 942 |
_hO152,6x, P3 _cTEXL _2cc |
||
| 999 |
_c1022945 _d1022945 |
||